000 00744nas a2200241 4500
001 BR7701411
003 BR-BrBNA
005 20231205083129.0
007 ta
008 230509b bl.|||p| |||| 00| 00por d
040 _aBR-BrBNA
_bpor
_cBiblioteca Nacional de Agricultura
041 _a(Pt)
072 _aL30
100 1 _aSimao Neto, M.
245 1 _aAlimentacao energetica e proteica para o rebanho leiteiro
650 _aVACA LEITEIRA
650 _aSUPLEMENTO ENERGETICO
650 _aSUPLEMENTO PROTEICO
650 _aPROTEINA
773 0 _tRevista do Instituto de Laticinios Candido Tostes (Brazil)
_xISSN 0100-3674
_g(Mar 1977), v. 32(190) p. 53-62
_wBR7701411
909 _a202311
_bLúcia
_c55
_dLúcia Elande
942 _2AGRIS
_n0
_cANA
999 _c96615
_d96615